MLB 200 Homeruns Club - Statistics

General Stats
  • This quiz has been taken 197 times
    21 since last reset
  • The average score is 293 of 390
Answer Stats
HR Team Pos Years Player % Correct
380 NYY RF 2016-Active Aaron Judge
100%
477 TEX 3B 1998-2018 Adrian Beltre
100%
317 SDP 1B 2004-2018 Adrian Gonzalez
100%
703 STL 1B 2001-2022 Albert Pujols
100%
696 NYY 3B 1994-2016 Alex Rodriguez
100%
399 DET RF 1953-1974 Al Kaline
100%
714 NYY OF 1914-1935 Babe Ruth
100%
762 SFG LF 1986-2007 Barry Bonds
100%
287 NYY CF 1991-2006 Bernie Williams
100%
426 CHC LF 1959-1976 Billy Williams
100%
332 SFG RF 1968-1981 Bobby Bonds
100%
268 BAL 3B 1955-1977 Brooks Robinson
100%
201 TEX 3B 1972-1989 Buddy Bell
100%
431 BAL SS 1981-2001 Cal Ripken Jr.
100%
234 COL OF 2008-2019 Carlos Gonzalez
100%
251 PHI CF 1912-1930 Cy Williams
100%
335 NYM RF 1983-1999 Darryl Strawberry
100%
541 BOS DH 1997-2016 David Ortiz
100%
407 BRO CF 1947-1964 Duke Snider
100%
309 SEA DH 1987-2004 Edgar Martinez
100%
512 CHC SS 1953-1971 Ernie Banks
100%
586 CIN OF 1956-1976 Frank Robinson
100%
521 CHW 1B 1990-2008 Frank Thomas
100%
286 PIT OF 1951-1966 Frank Thomas
100%
493 ATL 1B 1986-2004 Fred McGriff
100%
265 TOR LF 1981-1993 George Bell
100%
268 MIL CF 1973-1986 Gorman Thomas
100%
206 CIN OF 1950-1964 Gus Bell
100%
755 ATL RF 1954-1976 Hank Aaron
100%
331 DET 1B 1930-1947 Hank Greenberg
100%
573 MIN 1B 1954-1975 Harmon Killebrew
100%
311 TEX C 1991-2011 Ivan Rodriguez
100%
331 BOS DH 2011-2024 JD Martinez
100%
389 CIN C 1967-1983 Johnny Bench
100%
462 OAK OF 1985-2001 Jose Canseco
100%
434 TEX RF 1989-2005 Juan Gonzalez
100%
630 SEA CF 1989-2010 Ken Griffey Jr.
100%
207 MIN CF 1984-1995 Kirby Puckett
100%
354 CIN 1B 1965-1982 Lee May
100%
493 NYY 1B 1923-1939 Lou Gehrig
100%
354 ARI LF 1990-2008 Luis Gonzalez
100%
583 OAK 1B 1986-2001 Mark McGwire
100%
378 SFG 3B 1987-2003 Matt Williams
100%
536 NYY CF 1951-1968 Mickey Mantle
100%
548 PHI 3B 1972-1989 Mike Schmidt
100%
609 CHC RF 1989-2007 Sammy Sosa
100%
328 LAD RF 1993-2007 Shawn Green
100%
475 STL OF 1941-1963 Stan Musial
100%
521 BOS LF 1939-1960 Ted Williams
100%
339 NYY 1B 1990-2005 Tino Martinez
100%
369 COL 1B 1997-2013 Todd Helton
100%
246 CLE C 2002-2018 Victor Martinez
100%
449 MON RF 1996-2011 Vladimir Guerrero
100%
660 SFG CF 1948-1973 Willie Mays
100%
282 BAL CF 2006-2019 Adam Jones
93%
412 CHC LF 1999-2014 Alfonso Soriano
93%
438 MON OF 1976-1996 Andre Dawson
93%
434 ATL CF 1996-2012 Andruw Jones
93%
288 PHA LF 1933-1945 Bob Johnson
93%
210 BAL OF 1988-2002 Brady Anderson
93%
435 NYM CF 1998-2017 Carlos Beltran
93%
376 BOS C 1969-1993 Carlton Fisk
93%
452 BOS LF 1961-1983 Carl Yastrzemski
93%
319 DET 1B 1985-1998 Cecil Fielder
93%
468 ATL 3B 1993-2012 Chipper Jones
93%
245 CIN 1B 1960-1976 Deron Johnson
93%
222 NYY 1B 1982-1995 Don Mattingly
93%
504 BAL 1B 1977-1997 Eddie Murray
93%
382 WSA OF 1958-1973 Frank Howard
93%
287 ANA LF 1994-2010 Garret Anderson
93%
384 CHW DH 1980-2001 Harold Baines
93%
228 NYM 3B 1982-1995 Howard Johnson
93%
260 ATL C 1992-2006 Javy Lopez
93%
449 HOU 1B 1991-2005 Jeff Bagwell
93%
534 PHA 1B 1925-1945 Jimmie Foxx
93%
612 CLE 1B 1991-2012 Jim Thome
93%
361 NYY CF 1936-1951 Joe DiMaggio
93%
235 BOS OF 1995-2012 Johnny Damon
93%
359 STL 1B 1936-1953 Johnny Mize
93%
204 TOR OF 1997-2008 Jose Cruz
93%
383 COL RF 1989-2005 Larry Walker
93%
296 OAK 1B 2016-Active Matt Olson
93%
511 NYG RF 1926-1947 Mel Ott
93%
464 SEA DH 2005-2023 Nelson Cruz
93%
215 LAD 1B 1978-1992 Pedro Guerrero
93%
319 MIL 1B 2005-2016 Prince Fielder
93%
569 TEX 1B 1986-2005 Rafael Palmeiro
93%
369 PIT LF 1946-1955 Ralph Kiner
93%
563 OAK RF 1967-1987 Reggie Jackson
93%
314 BOS OF 1966-1982 Reggie Smith
93%
297 OAK LF 1979-2003 Rickey Henderson
93%
301 STL 2B 1915-1937 Rogers Hornsby
93%
382 PHI 1B 2004-2016 Ryan Howard
93%
282 CHC 2B 1981-1997 Ryne Sandberg
93%
521 SFG 1B 1959-1980 Willie McCovey
93%
475 PIT LF 1962-1982 Willie Stargell
93%
462 CIN LF 2001-2014 Adam Dunn
87%
381 CLE LF 1989-2000 Albert Belle
87%
307 PHA OF 1924-1944 Al Simmons
87%
399 MON 1B 1985-2004 Andres Galarraga
87%
386 CHC 3B 1998-2015 Aramis Ramirez
87%
202 STL 1B 1956-1969 Bill White
87%
369 WSH RF 2012-Active Bryce Harper
87%
473 TOR 1B 1993-2009 Carlos Delgado
87%
350 CAL DH 1981-1999 Chili Davis
87%
295 BAL 1B 2008-2020 Chris Davis
87%
228 LAD OF 2017-Active Cody Bellinger
87%
291 HOU 2B 1988-2007 Craig Biggio
87%
398 ATL OF 1976-1993 Dale Murphy
87%
442 NYM 1B 1971-1986 Dave Kingman
87%
339 PIT RF 1973-1991 Dave Parker
87%
465 NYY RF 1973-1995 Dave Winfield
87%
208 TOR CF 1985-2001 Devon White
87%
512 ATL 3B 1952-1968 Eddie Mathews
87%
282 CIN OF 1984-2001 Eric Davis
87%
370 ATL 1B 2010-Active Freddie Freeman
87%
324 MON C 1974-1992 Gary Carter
87%
234 SFG LF 1972-1987 Gary Matthews
87%
317 KCR 3B 1973-1993 George Brett
87%
348 CIN LF 1969-1986 George Foster
87%
456 MIA RF 2010-Active Giancarlo Stanton
87%
370 BRO 1B 1943-1963 Gil Hodges
87%
244 CHC CF 1923-1932 Hack Wilson
87%
271 FLA SS 2005-2019 Hanley Ramirez
87%
396 TOR OF 1983-1998 Joe Carter
87%
268 CIN 2B 1963-1984 Joe Morgan
87%
356 CIN 1B 2007-2023 Joey Votto
87%
291 CLE 3B 2013-Active Jose Ramirez
87%
221 OAK DH 2013-2021 Khris Davis
87%
555 BOS OF 1993-2011 Manny Ramirez
87%
427 NYM C 1992-2007 Mike Piazza
87%
413 LAA CF 2011-Active Mike Trout
87%
293 BOS RF 2014-Active Mookie Betts
87%
373 ARI 1B 2011-Active Paul Goldschmidt
87%
439 CHW 1B 1997-2014 Paul Konerko
87%
234 MIL 3B 1978-1998 Paul Molitor
87%
268 NYM 1B 2019-Active Pete Alonso
87%
374 CLE RF 1955-1968 Rocky Colavito
87%
342 CHC 3B 1960-1974 Ron Santo
87%
352 MIL LF 2007-2020 Ryan Braun
87%
308 KCR C 2011-Active Salvador Perez
87%
316 STL 3B 1996-2012 Scott Rolen
87%
248 STL C 1968-1988 Ted Simmons
87%
379 CIN 1B 1964-1986 Tony Perez
87%
358 NYY C 1946-1965 Yogi Berra
87%
333 PIT CF 2009-Active Andrew McCutchen
80%
339 BAL 1B 1961-1977 Boog Powell
80%
211 CIN 2B 2002-2018 Brandon Phillips
80%
358 CHW LF 1999-2012 Carlos Lee
80%
335 CLE 1B 2010-Active Carlos Santana
80%
227 LAD SS 2015-Active Corey Seager
80%
274 COL OF 1988-2001 Dante Bichette
80%
414 SFG 3B 1969-1989 Darrell Evans
80%
305 ATL RF 1989-2002 David Justice
80%
242 NYM 3B 2004-2018 David Wright
80%
275 TEX 3B 1989-2003 Dean Palmer
80%
331 CHC 1B 1997-2011 Derrek Lee
80%
351 PHI 1B 1963-1977 Dick Allen
80%
385 BOS RF 1972-1991 Dwight Evans
80%
424 TOR 1B 2005-2020 Edwin Encarnacion
80%
342 TBR 3B 2008-2023 Evan Longoria
80%
236 CHC C 1922-1941 Gabby Hartnett
80%
509 FLA RF 1988-2009 Gary Sheffield
80%
340 SFG RF 1975-1992 Jack Clark
80%
377 SFG 2B 1992-2008 Jeff Kent
80%
202 CLE SS 2003-2017 Jhonny Peralta
80%
393 STL CF 1993-2010 Jim Edmonds
80%
382 BOS LF 1974-1989 Jim Rice
80%
253 NYY 2B 1938-1950 Joe Gordon
80%
275 NYY C 1995-2011 Jorge Posada
80%
200 TEX OF 2007-2015 Josh Hamilton
80%
349 PHI DH 2015-Active Kyle Schwarber
80%
242 SEA 3B 2011-2021 Kyle Seager
80%
373 BAL 3B 2012-Active Manny Machado
80%
298 ARI 3B 2007-2019 Mark Reynolds
80%
409 NYY 1B 2003-2016 Mark Teixeira
80%
316 STL LF 2004-2018 Matt Holliday
80%
511 DET 1B 2003-2023 Miguel Cabrera
80%
357 COL 3B 2013-Active Nolan Arenado
80%
379 SFG 1B 1958-1974 Orlando Cepeda
80%
240 PIT RF 1955-1972 Roberto Clemente
80%
335 NYY 2B 2005-2022 Robinson Cano
80%
294 CHW 3B 1989-2004 Robin Ventura
80%
251 MIL SS 1974-1993 Robin Yount
80%
286 LAA DH 2018-Active Shohei Ohtani
80%
202 NYG LF 1941-1955 Sid Gordon
80%
251 DET 1B 1995-2009 Tony Clark
80%
353 MIN OF 1997-2015 Torii Hunter
80%
320 ANA 3B 1998-2010 Troy Glaus
80%
284 SFG 1B 1986-2000 Will Clark
80%
200 TOR 1B 2006-2017 Adam Lind
73%
303 CHC 1B 2011-2024 Anthony Rizzo
73%
242 TBD 1B 2000-2012 Aubrey Huff
73%
202 NYY C 1928-1946 Bill Dickey
73%
287 PIT OF 1995-2009 Brian Giles
73%
282 ATL C 2005-2019 Brian McCann
73%
344 DET OF 2004-2019 Curtis Granderson
73%
338 CAL DH 1970-1988 Don Baylor
73%
352 COL OF 1987-2004 Ellis Burks
73%
206 ATL OF 1958-1974 Felipe Alou
73%
281 CLE SS 2015-Active Francisco Lindor
73%
360 MIN 3B 1981-2000 Gary Gaetti
73%
221 MIL LF 1998-2008 Geoff Jenkins
73%
295 HOU RF 2014-Active George Springer
73%
355 MIL LF 1989-2003 Greg Vaughn
73%
222 PIT LF 2003-2013 Jason Bay
73%
440 OAK 1B 1995-2014 Jason Giambi
73%
325 CHW RF 1996-2009 Jermaine Dye
73%
231 PHI SS 2000-2016 Jimmy Rollins
73%
205 STL LF 1932-1948 Joe Medwick
73%
252 MLN C 1960-1977 Joe Torre
73%
255 TOR 1B 1989-2005 John Olerud
73%
209 KCR DH 2014-Active Jorge Soler
73%
258 HOU 2B 2011-Active Jose Altuve
73%
344 TOR RF 2004-2018 Jose Bautista
73%
247 MIN 1B 2003-2016 Justin Morneau
73%
325 ARI OF 2007-2022 Justin Upton
73%
282 STL 3B 1955-1969 Ken Boyer
73%
255 DET OF 1979-1995 Kirk Gibson
73%
366 HOU 1B 1999-2013 Lance Berkman
73%
294 CHW RF 1997-2011 Magglio Ordonez
73%
218 LAA 1B 2010-2019 Mark Trumbo
73%
204 OAK 3B 2017-Active Matt Chapman
73%
287 LAD OF 2006-2020 Matt Kemp
73%
307 OAK SS 1997-2013 Miguel Tejada
73%
332 MON OF 1990-2008 Moises Alou
73%
328 BOS 1B 1991-2003 Mo Vaughn
73%
245 NYY RF 2004-2015 Nick Swisher
73%
229 BOS SS 1996-2009 Nomar Garciaparra
73%
292 PHI LF 2000-2011 Pat Burrell
73%
305 SEA LF 1996-2014 Raul Ibanez
73%
271 LAD RF 1993-2005 Raul Mondesi
73%
260 BRO C 1937-1957 Roy Campanella
73%
284 WSN 3B 2005-2021 Ryan Zimmerman
73%
304 ARI CF 1989-2007 Steve Finley
73%
272 LAD 1B 1969-1987 Steve Garvey
73%
279 CIN 1B 1947-1961 Ted Kluszewski
73%
299 ANA RF 1992-2006 Tim Salmon
73%
218 CIN 3B 2011-2021 Todd Frazier
73%
220 MIN RF 1963-1976 Tony Oliva
73%
213 CLE DH 2002-2013 Travis Hafner
73%
270 TOR CF 1999-2013 Vernon Wells
73%
204 CAL 1B 1986-2001 Wally Joyner
73%
219 PIT OF 1968-1985 Al Oliver
67%
200 DET C 1961-1976 Bill Freehan
67%
235 CHC RF 1936-1953 Bill Nicholson
67%
288 PHI RF 1996-2014 Bobby Abreu
67%
223 BOS 2B 1937-1951 Bobby Doerr
67%
224 CAL 2B 1970-1986 Bobby Grich
67%
241 MIL 1B 1971-1987 Cecil Cooper
67%
235 FLA 2B 2006-2015 Dan Uggla
67%
284 LAD 1B 1991-2004 Eric Karros
67%
328 CIN 3B 2014-Active Eugenio Suarez
67%
306 BOS CF 1974-1990 Fred Lynn
67%
271 MIL 1B 1966-1979 George Scott
67%
390 NYY 3B 1967-1988 Graig Nettles
67%
307 PHI LF 1970-1984 Greg Luzinski
67%
244 SFG RF 2007-2020 Hunter Pence
67%
257 TEX 2B 2006-2019 Ian Kinsler
67%
208 DET 1B 1976-1986 Jason Thompson
67%
319 CIN RF 2008-2021 Jay Bruce
67%
310 SEA RF 1987-2001 Jay Buhner
67%
229 PHI OF 2002-2017 Jayson Werth
67%
214 FLA 1B 1990-2007 Jeff Conine
67%
291 HOU OF 1963-1977 Jim Wynn
67%
336 MLN 1B 1950-1966 Joe Adcock
67%
263 CHW 1B 2014-2024 Jose Abreu
67%
239 SDP 3B 1987-2001 Ken Caminiti
67%
293 MIN 1B 1981-1994 Kent Hrbek
67%
324 DET C 1977-1995 Lance Parrish
67%
256 MON 3B 1974-1988 Larry Parrish
67%
244 DET 2B 1977-1995 Lou Whitaker
67%
265 OAK PH 1992-2011 Matt Stairs
67%
278 SEA CF 1995-2011 Mike Cameron
67%
215 KCR 3B 2011-2023 Mike Moustakas
67%
377 DET 1B 1958-1974 Norm Cash
67%
281 NYY RF 1985-2001 Paul O'Neill
67%
208 SDP 3B 1995-2006 Phil Nevin
67%
238 STL CF 1990-2004 Ray Lankford
67%
305 CIN RF 1991-2007 Reggie Sanders
67%
275 NYY RF 1957-1968 Roger Maris
67%
316 LAD 3B 1971-1987 Ron Cey
67%
321 ATL LF 1987-2003 Ron Gant
67%
306 TEX RF 1986-2006 Ruben Sierra
67%
292 MON RF 1963-1985 Rusty Staub
67%
278 SDP 1B 1992-2007 Ryan Klesko
67%
242 OAK 3B 1966-1981 Sal Bando
67%
202 NYM C 1990-2003 Todd Hundley
67%
251 OAK OF 1976-1989 Tony Armas
67%
256 CIN CF 1958-1975 Vada Pinson
67%
320 COL 3B 1991-2006 Vinny Castilla
67%
325 DET LF 1963-1980 Willie Horton
67%
253 CLE DH 1973-1987 Andre Thornton
60%
235 MIL LF 1971-1986 Ben Oglivie
60%
211 NYY 1B 1954-1967 Bill Skowron
60%
256 MIN OF 1958-1970 Bob Allison
60%
287 PIT 3B 1986-2001 Bobby Bonilla
60%
252 NYY OF 1965-1983 Bobby Murcer
60%
264 NYG OF 1946-1960 Bobby Thomson
60%
275 CAL LF 1973-1992 Brian Downing
60%
215 DET CF 1975-1990 Chet Lemon
60%
300 PHI RF 1928-1944 Chuck Klein
60%
260 NYY SS 1995-2014 Derek Jeter
60%
242 LAD LF 1968-1986 Dusty Baker
60%
238 CLE CF 1929-1941 Earl Averill
60%
260 OAK 3B 1998-2014 Eric Chavez
60%
267 STL OF 1971-1988 George Hendrick
60%
248 WSH LF 1921-1938 Goose Goslin
60%
242 STL RF 1998-2011 JD Drew
60%
240 TEX RF 1970-1985 Jeff Burroughs
60%
315 MIL RF 1993-2006 Jeromy Burnitz
60%
220 LAD OF 2014-Active Joc Pederson
60%
219 NYY 1B 1962-1973 Joe Pepitone
60%
208 TEX OF 2015-2024 Joey Gallo
60%
226 PHI RF 1958-1973 Johnny Callison
60%
279 TOR 3B 2010-2023 Josh Donaldson
60%
246 BAL RF 1970-1984 Ken Singleton
60%
234 SFG LF 1984-1998 Kevin Mitchell
60%
273 CLE CF 1942-1959 Larry Doby
60%
211 LAA LF 1958-1969 Leon Wagner
60%
254 OAK SS 2013-Active Marcus Semien
60%
267 LAA C 2006-2017 Mike Napoli
60%
250 DET RF 2013-Active Nick Castellanos
60%
200 NYY OF 1969-1985 Oscar Gamble
60%
212 TOR OF 2014-Active Randal Grichuk
60%
203 PIT 3B 1968-1985 Richie Hebner
60%
306 MIL 1B 1997-2008 Richie Sexson
60%
207 PIT OF 1971-1983 Richie Zisk
60%
241 CHC CF 1966-1984 Rick Monday
60%
204 ATL LF 1963-1979 Rico Carty
60%
210 BOS SS 1963-1976 Rico Petrocelli
60%
318 WSH 1B 1949-1965 Roy Sievers
60%
277 DET 1B 1934-1948 Rudy York
60%
218 CLE RF 2005-2020 Shin-Soo Choo
60%
260 MON 3B 1980-1996 Tim Wallach
60%
223 DET 3B 1990-2002 Travis Fryman
60%
225 COL SS 2006-2019 Troy Tulowitzki
60%
242 BSN CF 1930-1940 Wally Berger
60%
210 CIN RF 1949-1964 Wally Post
60%
213 CHC OF 1943-1959 Andy Pafko
53%
217 SDP C 1986-2005 Benito Santiago
53%
218 ATL 3B 1978-1988 Bob Horner
53%
252 SEA 2B 1992-2005 Bret Boone
53%
202 HOU OF 1993-2006 Carl Everett
53%
259 PHI 2B 2003-2018 Chase Utley
53%
288 PHI OF 1946-1959 Del Ennis
53%
228 PIT 1B 1958-1969 Dick Stuart
53%
239 BRO 1B 1933-1945 Dolph Camilli
53%
200 MIN 1B 1960-1972 Don Mincher
53%
237 BAL 3B 1973-1987 Doug DeCinces
53%
201 OAK C 1969-1983 Gene Tenace
53%
237 PHA LF 1949-1959 Gus Zernial
53%
228 CLE 1B 1933-1946 Hal Trosky
53%
288 CHC LF 1941-1959 Hank Sauer
53%
241 TOR RF 1981-1992 Jesse Barfield
53%
219 STL 1B 1922-1937 Jim Bottomley
53%
255 KCR 1B 1968-1982 John Mayberry
53%
249 CHW SS 1992-2007 Jose Valentin
53%
213 KCR DH 2006-2019 Kendrys Morales
53%
211 NYM LF 1983-1994 Kevin McReynolds
53%
227 MON CF 1989-2005 Marquis Grissom
53%
245 DET C 1984-1997 Mickey Tettleton
53%
206 TEX LF 1986-1998 Pete Incaviglia
53%
230 MIL RF 1984-1996 Rob Deer
53%
215 LAD 1B 1958-1978 Ron Fairly
53%
253 STL 3B 1989-2004 Todd Zeile
53%
271 MIN RF 1981-1994 Tom Brunansky
53%
221 TOR 3B 1996-2007 Tony Batista
53%
247 SLB SS 1941-1955 Vern Stephens
53%
266 DET 1B 1947-1963 Vic Wertz
53%
262 KCR RF 1984-1997 Danny Tartabull
47%
298 MIA OF 2013-Active Marcell Ozuna
47%
210 TOR 2B 1988-2004 Roberto Alomar
47%
255 WSN 1B 2004-2015 Adam LaRoche
40%
246 WSN OF 2018-Active Juan Soto
40%
221 TOR OF 2016-Active Teoscar Hernandez
33%
234 MIL LF 2013-Active Christian Yelich
27%
202 HOU SS 2015-Active Carlos Correa
20%
286 TBR 1B 2001-2014 Carlos Pena
20%
201 LAD 3B 2009-Active Justin Turner
20%
223 FLA 3B 1998-2010 Mike Lowell
20%
206 COL SS 2016-Active Trevor Story
20%
212 HOU 3B 2016-Active Alex Bregman
13%
227 COL CF 2011-2024 Charlie Blackmon
13%
223 LAD 3B 2015-Active Max Muncy
13%
215 KCR DH 1995-2010 Mike Sweeney
13%
237 BOS 3B 2017-Active Rafael Devers
13%
202 BOS SS 2013-Active Xander Bogaerts
13%
214 WSN RF 1997-2010 Jose Guillen
7%
233 FLA LF 1993-2009 Cliff Floyd
0%
No matching quizzes found
Score Distribution
Percent of People with Each Score
Percentile by Number Answered
Your Score History
You have not taken this quiz since the last reset